| 000 | 00399 a2200145 4500 | ||
|---|---|---|---|
| 005 | 20250613124605.0 | ||
| 020 | _a978-0-470-57229-0 | ||
| 082 | _a658 CHO | ||
| 100 | _aCHOUDHRY, M. | ||
| 245 | _aThe Future of Finance: A New Model for Banking and Investment | ||
| 260 |
_aNew Jersey, _bJohn Wiley & Sons, Inc _c2010. |
||
| 300 |
_aix,198p. _bIndex _c23 cm |
||
| 700 | _aGino Landuyt | ||
| 942 |
_2ddc _cBKS |
||
| 999 |
_c3628 _d3628 |
||